书目信息 |
| 题名: |
赌
|
|
| 作者: | 俞天白 著 | |
| 分册: | ||
| 出版信息: | 上海 少年儿童出版社 1981 |
|
| 页数: | 198页 | |
| 开本: | 19cm | |
| 丛书名: | ||
| 单 册: | ||
| 中图分类: | I287.45 , I247.5 | |
| 科图分类: | ||
| 主题词: | 短篇小说-儿童文学--中国--现代 , 儿童文学-短篇小说--中国--现代 , 小说--中国 | |
| 电子资源: | ||
| ISBN: | ||
| 000 | 00660nam0 2200253 450 | |
| 001 | 1535862461 | |
| 005 | 20150120095808.35 | |
| 010 | @dCNY0.38 | |
| 091 | @aR10024.3795 | |
| 100 | @a19950626d1981 demy0chiy0110 ea | |
| 101 | 0 | @achi |
| 102 | @aCN@b310000 | |
| 105 | @af z 000ay | |
| 200 | 1 | @a赌@9du@f俞天白著 |
| 210 | @a上海@c少年儿童出版社@d1981 | |
| 215 | @a198页@c图@d19cm | |
| 606 | 0 | @a短篇小说-儿童文学@y中国@z现代 |
| 606 | 0 | @a儿童文学-短篇小说@y中国@z现代 |
| 606 | 0 | @a小说@x中国 |
| 690 | @aI287.45@v5 | |
| 690 | @aI247.5@v4 | |
| 701 | 0 | @a俞天白@9yu tian bai@f(1937~)@4著 |
| 801 | 0 | @aCN@bTSSF@c20150120 |
| 905 | @aZUCC@dI247.5@eJY14 | |
| 赌/俞天白著.-上海:少年儿童出版社,1981 |
| 198页:图;19cm |
| ISBN :CNY0.38 |
| ● |
| 相关链接 |
|
|
|
|
正题名:赌
索取号:I247.5/JY14
 
预约/预借
| 序号 | 登录号 | 条形码 | 馆藏地/架位号 | 状态 | 备注 |
| 1 | 7850277 | 278502773 | 学院路分馆/ [索取号:I247.5/JY14] | 在馆 |